000 01236cam a2200325 4500
005 20260322212037.0
008 data
020 _a0195014278 (v. 1)
020 _a0195046374 (v. 2 : alk. paper)
020 _a9780195014273 (v. 1)
020 _a9780195046373 (v. 2 : alk. paper)
040 _aDNLM
_cDNLM
041 0 9 _aeng
044 _9United States
060 0 0 _aWM 11 AA1
_bH2f
096 _aWM 11 H134f 1971
100 1 _aHale, Nathan G.
245 1 0 _aFreud and the Americans /
_cNathan G. Hale.
246 3 2 _aThe beginning of psychoanalysis in the United States, 1876-1917
246 3 2 _aThe rise and crisis of psychoanalysis in the United States, 1917-1985
260 _aNew York :
_bOxford University Press,
_c1971-1995.
300 _a2 v.
440 0 _aFreud in America ;
_vv. 1-2
504 _aIncludes bibliographical references and index.
505 0 _av. 1. The beginning of psychoanalysis in the United States, 1876-1917 -- v. 2. The rise and crisis of psychoanalysis in the United States, 1917-1985.
590 _aOriginally presented as the author's thesis, University of California at Berkeley
600 1 2 _aFreud, Sigmund,
_d1856-1939.
650 1 2 _aPsychoanalysis
_xhistory
_zUnited States
001 data
999 _c855
_d855